Statystyki dla Quiz o Beskidzie Śląskim

Kliknij tutaj aby rozwiązać quiz!

Ogólne statystyki

  • Ten quiz został rozwiązany 93 razy
  • Średni wynik to 11 z 15

Statystyki odpowiedzi

WskazówkaOdpowiedź% Poprawnych
Dwie najpopularniejsze miejscowości wypoczynkowe w Beskidzie Śląskim.Wisła
100%
Jaka duża rzeka wypływa z Beskidu Śląskiego?Wisła
100%
Czechy
99%
Państwa w których się znajduje.Polska
99%
Duże miasto u podnóża Beskidu Śląskiego.Bielsko-Biała
93%
Szczyrk
92%
Najwyższy szczyt.Skrzyczne
89%
Drugi najwyższy szczyt.Barania Góra
78%
Częścią jakiego łańcucha górskiego jest Beskid Śląski?Karpaty
74%
Popularna góra, na której znajduje się wieża widokowa.Wielka Czantoria
66%
Jak nazywa się przełęcz, przez którą przejedziemy drogą prowadzącą z Wisły do Szczyrku?Przełęcz {Salmopolska}
58%
Kotlina granicząca z Beskidem Śląskim na wschodzie.Kotlina {Żywiecka}
57%
Nazwa dużej skoczni narciarskiej położonej w Beskidzie Śląskim.Malinka
57%
Do jakiego regionu należy większa część Beskidu Śląskiego?Małopolska
24%
Największe jezioro w Beskidzie Śląskim.Jezioro {Czerniańskie}
21%

Rozkład punktacji

Percentyl według liczby udzielonych odpowiedzi

Procent ludzi z każdym wynikiem

Twoja historia wyników

Nie rozwiązałeś tego quizu